Statistiques concernant Culture Générale - Série 904

Cliquez ici pour prendre le quiz!

Statistiques générales

  • Ce quiz a été pris 115 fois
  • Le résultat moyen est 5 sur 10

Statistiques - réponses

QuestionRéponse% Correct
A quel État européen appartiennent les îles Baléares ?Espagne
97%
Quel est le 4e signe du zodiaque souvent symbolisé par un crabe ?Cancer
94%
Sous quelle identité Superman est-il journaliste au Daily Planet ?Clark Kent
48%
Quel surnom les Occidentaux ont-ils donné au sultan ottoman Soliman Ier ?Le Magnifique
45%
Quel est le douzième et dernier signe du Zodiaque ?poissons
44%
Forme de folie furieuse que l'on observe dans certains pays asiatiques et principalement en Malaisie, et dont l'anagramme est "moka"amok
39%
Quel chef-lieu d'arrondissement de la Creuse est connu pour son musée départemental de la tapisserie ?Aubusson
39%
En 267, de quelle ville historique de Syrie, qui porte le même nom qu'un zoo français, Zénobie devient-elle la reine ?Palmyre
32%
À quel écrivain latin doit-on le traité politique “De la république”, inspiré par Platon ?Cicéron
21%
Orgue mécanique fonctionnant grâce à un système pneumatique commandé par un rouleau de carton perforé entraîné par une manivelle, et dont l'anagramme est "molierain"limonaire
10%

Distribution des résultats

Percentile par nombre de réponses

% des personnes avec chaque résultat

Votre développement - résultats

Vous n’avez pas pris ce quiz